=LDR 00000nam 2200000 4500 =001 NUTBA000000000002142 =005 20200217083538 =035 ##$$a 0010-061400000000085 =008 200217################g##########0#ind## =020 ##$$a 978-979-749-110-9 =040 ##$$a NBPDMAT =082 ##$$a 153.4 =090 ##$$a 153.4 $b Hen m =100 ##$$a Heni Purwitri =245 1#$$a Menumbuh kembangkan keterampilan berpikir rasional anak /$c Heni Purwitri =250 ##$$a Ed.2 =260 ##$$a Bandung :$b Globalindo Universal Multikreasi,$c 2010 =300 ##$$a 92 hlm. : $b ilus. ; $c 25 X 17 cm. =500 ##$$a Bibliografi : hlm. 89-90 , Indeks : hlm. 92 =650 #4$$a Berpikir =700 #$$a Penyunting Rini Sunarti =850 ##$$a NBPDMAT =084 ##$$a 153.4 HEN m =990 ##$$a 21400207 =990 ##$$a 21400208 =990 ##$$a 21400209 =990 ##$$a 21400210 =990 ##$$a 21400211